[Event "HZ Open"]
[Site "Vlissingen NED"]
[Date "2007.08.05"]
[Round "2"]
[White "Roggeveen,P"]
[Black "Grooten,H"]
[Result "0-1"]
[WhiteElo "2077"]
[BlackElo "2370"]

1.c4 c5 2.Nf3 Nf6 3.Nc3 b6 4.g3 Bb7 5.Bg2 e6 6.O-O d6 7.d4 cxd4 8.Qxd4 a6
9.Bg5 Be7 10.Bxf6 Bxf6 11.Qf4 Ra7 12.Rfd1 Bxf3 13.Qxf3 O-O 14.Rac1 Nd7 15.b3 Qb8
16.Qd3 Bxc3 17.Qxc3 Rd8 18.Qd4 Nf6 19.e3 Rc7 20.Qd3 Rdd7 21.Bf3 h6 22.Qd2 Rc5
23.Qe2 Qc8 24.b4 Rcc7 25.Rc2 a5 26.b5 Rc5 27.Bc6 Rd8 28.Rcd2 Qc7 29.e4 e5
30.f3 Qe7 31.Qe3 g5 32.h4 Nh7 33.hxg5 Nxg5 34.Bd5 Qf6 35.Rf1 Qg6 36.Rg2 Kh8
37.f4 Ne6 38.fxe5 dxe5 39.Rf5 Ng5 40.Rh2 f6 41.g4 Kg7 42.Rhf2 Rd6 43.Kf1 Rc8
44.Rc2 Qe8 45.a4 Qe7 46.c5 bxc5 47.Rxc5 Rxc5 48.Qxc5 Nxe4 49.Qe3 Ng5 50.Bb3 Rd4
51.Rf2 Qc5 52.Re2 Rf4+ 53.Ke1 Nf3+ 54.Kf2 Nd4+  0-1

[Event "FSIMB August"]
[Site "Budapest HUN"]
[Date "2007.08.06"]
[Round "1"]
[White "Khairallah,F"]
[Black "Balog,M"]
[Result "1/2-1/2"]
[WhiteElo "2323"]
[BlackElo "2262"]

1.Nf3 Nf6 2.c4 c5 3.Nc3 b6 4.e4 d6 5.d4 cxd4 6.Nxd4 Bb7 7.f3 e6 8.Be3 a6
9.Be2 Be7 10.O-O O-O 11.Qd2 Qc7 12.Rac1 Nbd7 13.Rfd1  1/2-1/2

[Event "Open"]
[Site "Dubna RUS"]
[Date "2007.08.06"]
[Round "5"]
[White "Volodin,Alex"]
[Black "Kotchnev,A"]
[Result "1/2-1/2"]
[WhiteElo "2311"]
[BlackElo "2125"]

1.c4 Nf6 2.Nc3 c5 3.Nf3 g6 4.d4 Bg7 5.d5 e6 6.e4 exd5 7.cxd5 d6 8.h3 O-O
9.Bd3 Re8 10.O-O a6 11.a4 Nbd7 12.Nd2 Nh5 13.f4 Qh4 14.Nf3 Qe7 15.g4 Nhf6
16.Bd2 h6 17.Qc2 c4 18.Bxc4 Nxe4 19.Rae1 f5 20.Nxe4 fxe4 21.Bc3 Bxc3 22.Qxc3 Qf7
23.Nd4 Nc5 24.a5 Bd7 25.f5 gxf5 26.Rxf5 Qg7 27.Qe3 Re5 28.Rxe5 Qxe5 29.b4 Nd3
30.Bxd3 exd3 31.Qxe5 dxe5 32.Nb3 Re8 33.Nc5 Bb5 34.Kf2 Rd8 35.Ne4 Kf7 36.Nc3 Bc4
37.Rxe5 d2 38.Re4 d1=Q 39.Nxd1 Bxd5 40.Rd4 Ke6 41.Ne3 Rf8+ 42.Ke2 Bc6 43.Nc4 Bb5
44.Ke3 Rc8 45.Re4+ Kf6 46.Nd6 Rc3+ 47.Kf4 Rxh3 48.Nxb5 axb5 49.Rd4 Ke6 50.Rd8 Rb3
51.Re8+ Kf6 52.Rf8+ Ke6 53.Rh8 Rxb4+ 54.Kg3 Ra4 55.Rxh6+ Kf7 56.Rb6 Rxa5
57.Rxb7+ Kg6 58.Kh4 b4 59.Rb6+ Kg7 60.g5 Ra7 61.Kh5 Rc7 62.Rxb4 Ra7 63.Rb6 Rc7
64.Rg6+ Kh7 65.Re6 Kg7 66.Kg4 Rc4+ 67.Kf5 Rc5+ 68.Kg4 Rc4+ 69.Kh5  1/2-1/2

[Event "Open"]
[Site "Olomouc CZE"]
[Date "2007.08.06"]
[Round "6"]
[White "Aguettaz,M"]
[Black "Gumula,D"]
[Result "1-0"]
[WhiteElo "2356"]
[BlackElo "2387"]

1.c4 Nf6 2.Nc3 e6 3.Nf3 c5 4.g3 b6 5.Bg2 Bb7 6.O-O d6 7.b3 Nbd7 8.Bb2 a6
9.e3 Be7 10.d4 O-O 11.d5 exd5 12.Nh4 g6 13.f4 b5 14.cxd5 b4 15.Na4 Re8 16.Re1 Ne4
17.Nxg6 Bf6 18.Ne5 Nxe5 19.fxe5 Bxe5 20.Bxe4 Bxb2 21.Bxh7+ Kxh7 22.Nxb2 Qg5
23.e4 Qg6 24.Nc4 Rad8 25.Qf3 Bc8 26.Qf4 Kg7 27.Re3 Re7 28.Rf1 a5 29.Nxa5 Rde8
30.Nc4 Rxe4 31.Rxe4 Rxe4 32.Qxd6 Qxd6 33.Rxf7+ Kxf7 34.Nxd6+ Kf6 35.Nxe4+ Ke5
36.Nxc5 Kd4 37.Na4 Bh3 38.d6 Ke5 39.Nc5 Kxd6 40.Nd3 Bf5 41.Nxb4 Kc5 42.a3 Be6
43.Kf2 Kd4 44.Kf3 Kc3 45.Kf4 Kxb3 46.h4 Kxa3 47.Nd3 Bf7 48.Ne5 Bb3 49.h5 Kb4
50.h6 Bc2 51.Kg5 Bh7 52.Kf6 Kc5 53.g4 Kd5 54.g5  1-0

[Event "Jihlavanka Cup GMB"]
[Site "Olomouc CZE"]
[Date "2007.08.06"]
[Round "8"]
[White "Zakhartsov,V"]
[Black "Mankeyev,Raua"]
[Result "1-0"]
[WhiteElo "2559"]
[BlackElo "2402"]

1.Nf3 c5 2.c4 Nf6 3.Nc3 g6 4.d4 cxd4 5.Nxd4 Bg7 6.e4 Nc6 7.Be3 Ng4 8.Qxg4 Nxd4
9.Qd1 Ne6 10.Rc1 Qa5 11.Be2 b6 12.O-O Bb7 13.f3 g5 14.Rf2 Be5 15.a3 Bf4 16.Bxf4 gxf4
17.Nb5 Bc6 18.Rc3 Rc8 19.b4 Qa6 20.Nd4 Ba4 21.Qd2 Qb7 22.Nxe6 dxe6 23.Qxf4 Qc7
24.e5 Rg8 25.Qe3 Bc6 26.Bd3 h6 27.Rcc2 Rd8 28.Rcd2 Rd7 29.Bh7 Rg7 30.Rxd7 Bxd7
31.Bd3 Bc6 32.Rd2 a5 33.Qxh6 Qxe5 34.Be4  1-0

[Event "Open"]
[Site "Dubna RUS"]
[Date "2007.08.07"]
[Round "6"]
[White "Gulkov,I"]
[Black "Pospelov,S"]
[Result "1-0"]
[WhiteElo "2355"]
[BlackElo "2078"]

1.Nf3 Nf6 2.c4 c5 3.Nc3 e6 4.g3 Nc6 5.Bg2 g6 6.d4 cxd4 7.Nxd4 Bg7 8.O-O O-O
9.Nb3 Ne5 10.c5 Ne8 11.Qc2 d5 12.Rd1 Qf6 13.f4 Nc6 14.e4 dxe4 15.Nxe4 Qf5
16.Qe2 e5 17.Be3 exf4 18.Bxf4 Be5 19.Rf1 Bxf4 20.Rxf4 Qe5 21.Re1 Bf5 22.Nd6 Qxe2
23.Rxe2 Nxd6 24.cxd6 Rad8 25.Rd2 Bd7 26.Nc5 Ne5 27.Bxb7 Bc6 28.Bxc6 Nxc6
29.d7 Rb8 30.Rf6 Nd8 31.Ra6 Rb5 32.Rc2 Ne6 33.Rxe6 fxe6 34.Nxe6 Rd5 35.Rc8  1-0

[Event "94th ch-GBR"]
[Site "Great Yarmouth ENG"]
[Date "2007.08.07"]
[Round "8"]
[White "Snape,I"]
[Black "Chapman,T"]
[Result "1-0"]
[WhiteElo "2255"]
[BlackElo "2200"]

1.c4 c5 2.Nf3 Nf6 3.Nc3 e6 4.g3 b6 5.Bg2 Bb7 6.O-O Be7 7.Re1 Ne4 8.Nxe4 Bxe4
9.d3 Bb7 10.e4 O-O 11.d4 cxd4 12.Nxd4 d6 13.b3 a6 14.Bb2 Nd7 15.Qe2 Re8 16.f4 Qc7
17.h3 Rac8 18.Rad1 Nc5 19.Ba1 Bf8 20.Qg4 Nd7 21.Nf3 Bxe4 22.Rxe4 f5 23.Qh4 fxe4
24.Ng5 h6 25.Bxe4 Nf6 26.Bxf6 gxf6 27.Nxe6 Rxe6 28.Bd5 Kh8 29.Bxe6 Qc5+ 30.Kf1 Re8
31.Qg4 Bg7 32.f5 a5 33.Qf4 Bf8 34.Rd5 Qa3 35.Qd2 a4 36.Rd3 axb3 37.Rxb3 Qc5
38.Qb2 Rb8 39.Bd5 Bg7 40.a4 Re8 41.Be6 Rb8 42.Ke2 Qg1 43.Qd2 Bf8 44.a5 Ra8
45.Rxb6 Qg2+ 46.Kd1 Qxd2+ 47.Kxd2 Rxa5 48.Rb8 Kg7 49.Rb7+ Kh8 50.Rb8 Kg7
51.Ke3 Ra7 52.Kf4 h5 53.h4 Be7 54.Re8 Bf8 55.Rd8 Be7 56.Rg8+ Kh7 57.Ke4 Ra5
58.Re8 d5+ 59.Bxd5 Bd6 60.Rg8 Be5 61.Rg6 Ra3 62.g4 hxg4 63.Rxg4 Ra7 64.Rg6 Ra1
65.Bg8+ Kh8 66.h5 Ra8 67.Bd5 Ra1 68.Be6 Ra5 69.h6 Bb2 70.Bd5 Kh7 71.Kf3 Bd4
72.Bg8+ Kh8 73.Kg4 Ra2 74.Kf4 Be5+ 75.Ke4 Ra5 76.Rg2 Ra4 77.h7 Ra5 78.Rd2 Ra8
79.Rd7 Ra5 80.Rb7 Rc5 81.Rb5 Rc7 82.Rxe5 fxe5 83.Kxe5 Re7+ 84.Kd6 Re8 85.c5 Re1
86.c6 Rd1+ 87.Bd5 Kxh7 88.c7  1-0

[Event "UTwente YM"]
[Site "Hengelo NED"]
[Date "2007.08.07"]
[Round "2"]
[White "Bogner,S"]
[Black "Van Eijk,S"]
[Result "1-0"]
[WhiteElo "2371"]
[BlackElo "2274"]

1.Nf3 c5 2.c4 Nf6 3.Nc3 e6 4.e3 Be7 5.d4 cxd4 6.exd4 d5 7.a3 O-O 8.Bd3 dxc4
9.Bxc4 Nbd7 10.O-O a6 11.Bb3 Nb6 12.Ne5 Bd7 13.Qf3 Nbd5 14.Bg5 Bc6 15.Nxc6 bxc6
16.Na4 h6 17.Bh4 Rc8 18.Rac1 Re8 19.Rfd1 Rc7 20.Nc5 a5 21.Ba4 Rc8 22.Rc2 Qb6
23.Nb3 Nd7 24.Bxe7 Rxe7 25.Rdc1 Nb8 26.Rc5 Ra7 27.Qe2 Ne7 28.Qd2 Nf5 29.Qc3 Rac7
30.Nxa5 Ne7 31.Nc4 Qa7 32.Ra5 Na6 33.b4 Ra8 34.Ne5 Nd5 35.Qd3 Nf4 36.Qf1 Qxd4
37.Nxc6 Qe4 38.Re1 Qg6 39.Ne5 Qf6 40.Rxa6 Rd8 41.Bc6 Rd2 42.Nf3 Rb2 43.b5 Qg6
44.Kh1 f5 45.Ra4 Nh5 46.Rb4  1-0

[Event "Open"]
[Site "Callao PER"]
[Date "2007.08.08"]
[Round "1"]
[White "Alonso,S"]
[Black "Palacios,E"]
[Result "1-0"]
[WhiteElo "2403"]
[BlackElo "2174"]

1.Nf3 Nf6 2.c4 c5 3.Nc3 e6 4.g3 b6 5.Bg2 Bb7 6.O-O Be7 7.d4 cxd4 8.Qxd4 d6
9.Bg5 a6 10.Bxf6 Bxf6 11.Qd3 O-O 12.Rfd1 Be7 13.Ng5 Bxg5 14.Bxb7 Ra7 15.Be4 f5
16.Bg2 Be7 17.e4 f4 18.Bh3 Nc6 19.Bxe6+ Kh8 20.Nd5 Ne5 21.Qb3 fxg3 22.hxg3 Nf3+
23.Kg2 Ng5 24.Bg4 Nxe4 25.f3 Nf6 26.Be6 Nxd5 27.Bxd5 Bf6 28.Rh1 g6 29.Rae1 Bd4
30.Re4 Bf6 31.a4 Re7 32.Rxe7 Bxe7 33.a5 bxa5 34.Qb7 h5 35.Be4 Kg7 36.Re1 Rf6
37.Bxg6 Kxg6 38.Rxe7 Qg8 39.Qe4+ Kh6 40.g4 hxg4 41.fxg4 Rg6 42.Qf4+ Rg5 43.Qf6+  1-0

[Event "GM"]
[Site "Dubna RUS"]
[Date "2007.08.08"]
[Round "7"]
[White "Golubenko,Valen"]
[Black "Romanov,E"]
[Result "0-1"]
[WhiteElo "2316"]
[BlackElo "2521"]

1.Nf3 Nf6 2.c4 e6 3.Nc3 c5 4.g3 Nc6 5.Bg2 d5 6.cxd5 Nxd5 7.O-O Be7 8.d4 O-O
9.e4 Nxc3 10.bxc3 b6 11.Be3 cxd4 12.cxd4 Bb7 13.Qa4 Na5 14.Nd2 Qe8 15.Qd1 Rc8
16.Qg4 f5 17.Qe2 Qd7 18.Rfd1 Rc2 19.Rdc1 Rfc8 20.Rxc2 Rxc2 21.Qd1 Rc8 22.Rc1 Rxc1
23.Qxc1 fxe4 24.Nxe4 Bd5 25.Bg5 Bf8 26.Qd2 Nc6 27.Be3 Ne7 28.Qe2 Nf5 29.Ng5 Bxg2
30.Kxg2 b5 31.f3 h6 32.Nh3 Bd6 33.Nf2 Bc7 34.Ne4 Bb6 35.Nc5 Qc6 36.Bf2 Kf7
37.g4 Ne7 38.Nd3 Qd5 39.Nf4 Qc4 40.Qd2 Nd5 41.Nxd5 Qxd5 42.Qf4+ Kg8 43.a3 Qd7
44.Qe4 Qd5 45.Qf4 Qd7 46.Qe4 Bd8 47.Bg3 Be7 48.Qe3 Qd5 49.Bf4 a5 50.Bc7 a4
51.Qd3 Qc4 52.Qxc4 bxc4 53.Ba5 Bxa3 54.Bc3 Bc1 55.Kf2 a3 56.Ke2 Bb2 57.Kd2 Bxc3+
58.Kxc3 g5 59.Kc2 Kf7 60.Kb1 c3  0-1

[Event "Open"]
[Site "Olomouc CZE"]
[Date "2007.08.08"]
[Round "8"]
[White "Skalski,M"]
[Black "Pozin,S"]
[Result "1-0"]
[WhiteElo "2330"]
[BlackElo "2450"]

1.Nf3 c5 2.c4 Nf6 3.Nc3 e6 4.d4 cxd4 5.Nxd4 Bb4 6.Nb5 d5 7.cxd5 Nxd5 8.Bd2 a6
9.Nxd5 Bxd2+ 10.Qxd2 axb5 11.Nc3 Qxd2+ 12.Kxd2 b4 13.Nb5 Ke7 14.e4 Nc6 15.Ke3 Ra5
16.a4 bxa3 17.Rxa3 Rxa3+ 18.Nxa3 Bd7 19.Bb5 Ra8 20.Rd1 Ra5 21.h4 h6 22.g3 e5
23.Rd5 Ra7 24.Bxc6 Bxc6 25.Rxe5+ Kd6 26.Nc4+ Kd7 27.Ra5 Rxa5 28.Nxa5 Bb5
29.Nxb7 Kc6 30.Nd8+ Kd7 31.Nxf7 Ke6 32.Nd8+ Kd7 33.Nb7 Kc6 34.Na5+ Kc5 35.Nb3+  1-0

[Event "ch-Euro Rapid Women"]
[Site "Predeal ROM"]
[Date "2007.08.08"]
[Round "1"]
[White "Sgircea,S"]
[Black "Javakhishvili,L"]
[Result "0-1"]
[WhiteElo "2132"]
[BlackElo "2460"]

1.Nf3 c5 2.c4 e6 3.Nc3 Nf6 4.e4 d6 5.d4 cxd4 6.Nxd4 Be7 7.Be3 a6 8.g3 Qc7
9.Rc1 b6 10.Bg2 Bb7 11.O-O Nbd7 12.b3 O-O 13.Re1 Rfe8 14.f3 Rac8 15.Qd2 Qb8
16.Bf2 Bf8 17.Qe2 g6 18.f4 Qa8 19.h3 Nc5 20.b4 Ncd7 21.Nf3 d5 22.e5 Ne4 23.Nxe4 dxe4
24.Ng5 Bxb4 25.Red1 Nc5 26.Qb2 h6 27.Nxe4 Nxe4 28.Bxe4 Bxe4 29.Qxb4 Bh1 30.Kf1 Bg2+  0-1

[Event "FSGM August"]
[Site "Budapest HUN"]
[Date "2007.08.09"]
[Round "4"]
[White "Rajlich,I"]
[Black "Fogarasi,T"]
[Result "1/2-1/2"]
[WhiteElo "2406"]
[BlackElo "2425"]

1.Nf3 c5 2.c4 Nf6 3.Nc3 g6 4.e4 d6 5.d4 cxd4 6.Nxd4 Bg7 7.Be2 O-O 8.Be3 Nc6
9.O-O Bd7 10.Qd2 Nxd4 11.Bxd4 Bc6 12.f3 a5 13.Be3 a4 14.Rab1 Qa5 15.Rfc1 Rfc8
16.Bf1 Nd7 17.b4 axb3 18.axb3 Qb4 19.Nd5 Qxd2 20.Bxd2 Bxd5 21.cxd5 Bd4+ 22.Kh1 Rxc1
23.Bxc1 Nc5  1/2-1/2

[Event "94th ch-GBR"]
[Site "Great Yarmouth ENG"]
[Date "2007.08.09"]
[Round "10"]
[White "Knott,S"]
[Black "Anderton,M"]
[Result "1-0"]
[WhiteElo "2374"]
[BlackElo "2229"]

1.Nf3 Nf6 2.c4 c5 3.Nc3 e6 4.g3 b6 5.Bg2 Bb7 6.O-O Be7 7.Re1 d6 8.e4 a6 9.d4 cxd4
10.Nxd4 Qc7 11.Be3 Nbd7 12.Rc1 O-O 13.f4 Rfe8 14.g4 Nc5 15.Bf2 g6 16.b4 Rad8
17.f5 Bf8 18.Bh4 Bg7 19.g5 Nh5 20.f6 Bf8 21.Qd2 Nd7 22.Nd5 Qb8 23.Ne3 d5
24.cxd5 Qf4 25.dxe6 Bd6 26.Bg3 Nxg3 27.hxg3 Qxg5 28.Nf3 Qxg3 29.Nf1 Qf4 30.exd7 Rxd7
31.Qxf4 Bxf4 32.Rc4 g5 33.e5 h5 34.Kf2 Bxf3 35.Bxf3 Rxe5 36.Rxe5 Bxe5 37.Rc8+ Kh7
38.Be4+  1-0

[Event "HZ Open"]
[Site "Vlissingen NED"]
[Date "2007.08.09"]
[Round "7"]
[White "Schuurman,P"]
[Black "Van Riemsdijk,H"]
[Result "0-1"]
[WhiteElo "2290"]
[BlackElo "2420"]

1.Nf3 c5 2.c4 Nf6 3.Nc3 d5 4.cxd5 Nxd5 5.g3 Nc6 6.Bg2 Nc7 7.O-O e5 8.a3 Rb8
9.d3 Be7 10.Be3 O-O 11.Rc1 b6 12.b4 cxb4 13.axb4 Nxb4 14.Nxe5 Bb7 15.Qb3 Bxg2
16.Kxg2 a5 17.f4 b5 18.Bd2 a4 19.Qb1 f6 20.Nf3 Qd7 21.Ne4 Nba6 22.f5 b4 23.Bf4 b3
24.Rc4 Nd5 25.Nd4 Nxf4+ 26.gxf4 Rfc8 27.Rfc1 Rxc4 28.Rxc4 Nb4 29.Kf3 Kh8
30.Ne6 Nd5 31.Nd2 Qa7 32.d4 Qa5 33.Qg1 Bf8 34.Nb1 a3 35.Rc5 Qa8 36.e4 a2
37.Rxd5 a1=Q 38.Rd7 Q1a6 39.Ke3 Q6c6 40.Rxg7 Qxe4+ 41.Kf2 Qa2+ 42.Kf1 Qae2+  0-1

[Event "GM"]
[Site "Dubna RUS"]
[Date "2007.08.10"]
[Round "9"]
[White "Golubenko,Valen"]
[Black "Chernobay,A"]
[Result "0-1"]
[WhiteElo "2316"]
[BlackElo "2409"]

1.Nf3 Nf6 2.c4 c5 3.Nc3 b6 4.g3 Bb7 5.Bg2 e6 6.O-O Be7 7.d4 cxd4 8.Qxd4 d6
9.Rd1 a6 10.b3 Nbd7 11.Ng5 Bxg2 12.Kxg2 Qc7 13.Nge4 O-O 14.Bb2 Rfd8 15.Nxf6+ Nxf6
16.e4 Bf8 17.h4 h5 18.Rd2 Qb7 19.f3 b5 20.Rad1 Rdc8 21.cxb5 axb5 22.Qd3 Rc5
23.Ne2 Nd7 24.Bd4 Rc6 25.Ba1 Rca6 26.Qb1 b4 27.Nf4 Ra5 28.Nh3 Qa6 29.Bb2 Rxa2
30.Ng5 Ne5 31.f4 Ng4 32.e5 g6 33.exd6 Ne3+ 34.Kh3 Nxd1 35.Qxd1 Rxb2 36.Rxb2 Qxd6
37.Rd2 Qa6 38.Rc2 Qb7 39.Rd2 Qb5 40.Kh2 Be7 41.Qb1 Bf6 42.Ne4 Bc3 43.Nxc3 bxc3
44.Rc2 Qd3 45.b4 Ra1 46.Qxa1 Qxc2+ 47.Kh3 Qb2 48.Qa8+ Kg7  0-1

[Event "94th ch-GBR"]
[Site "Great Yarmouth ENG"]
[Date "2007.08.10"]
[Round "11"]
[White "Lewis,An"]
[Black "Ciuksyte,D"]
[Result "1/2-1/2"]
[WhiteElo "2284"]
[BlackElo "2426"]

1.c4 c5 2.Nc3 Nf6 3.Nf3 e6 4.g3 b6 5.Bg2 Bb7 6.O-O Be7 7.Re1 d6 8.e4 a6 9.d4 cxd4
10.Nxd4 Qc7 11.Be3 Nbd7 12.Rc1 O-O 13.f4 Rfe8 14.f5 Bf8 15.fxe6 fxe6 16.Bh3 Nc5
17.b4 Ncxe4 18.Nxe4 Nxe4 19.Nxe6 Qf7 20.Rf1 Qe7 21.Rf4 Rab8 22.Qd3 Nf6 23.Bd4 Nd7
24.Rh4 g6 25.Qxg6+ hxg6 26.Rh8+ Kf7 27.Rh7+ Kg8 28.Rh8+ Kf7  1/2-1/2

[Event "Open"]
[Site "Kavala GRE"]
[Date "2007.08.10"]
[Round "7"]
[White "Margvelashvili,G"]
[Black "Milanovic,Da"]
[Result "1/2-1/2"]
[WhiteElo "2435"]
[BlackElo "2495"]

1.Nf3 Nf6 2.c4 c5 3.Nc3 d5 4.cxd5 Nxd5 5.g3 Nc6 6.Bg2 Nc7 7.O-O e5 8.d3 Be7
9.Be3 O-O 10.Rc1 b6 11.a3 Bd7 12.Nd2 Rc8 13.Nc4 f6 14.f4 exf4 15.Bxf4 Ne6
16.Bd2 Kh8 17.Nd5 b5 18.Nce3 Ned4 19.b4 cxb4 20.axb4 Bd6 21.Rf2 Qe8 22.Nf1 Bg4
23.Nfe3 Bd7 24.Nf1 Bg4 25.Nfe3 Be6 26.Rb1 Qf7 27.Nf4 Bb3 28.Qf1 Bxb4 29.Bxb4 Nxb4
30.Be4 Rce8 31.Qh3 Rxe4 32.dxe4 Nbc6 33.g4 Kg8 34.Rbf1 Ne6 35.Qg2 Re8 36.Nf5 Nxf4
37.Rxf4 Qg6 38.h4 Kh8 39.g5 Ne5 40.Nd4 fxg5 41.Rf8+ Bg8 42.Qxg5 Rxf8 43.Rxf8 Qxe4
44.Nf5 Ng6 45.h5 Qe5 46.Rd8 Ne7 47.Qxe7 Qxf5 48.Qe8  1/2-1/2

[Event "Open"]
[Site "Callao PER"]
[Date "2007.08.11"]
[Round "4"]
[White "Moskow,E"]
[Black "Bravo,Anthony"]
[Result "1/2-1/2"]
[WhiteElo "2254"]
[BlackElo "2158"]

1.Nf3 Nf6 2.c4 g6 3.Nc3 c5 4.g3 Nc6 5.Bg2 Bg7 6.O-O O-O 7.d4 d6 8.dxc5 dxc5
9.Bf4 Be6 10.Ne5 Na5 11.Qxd8 Raxd8 12.Nd3 b6 13.b3 Bg4 14.Rad1 Nd7 15.Rc1 Nb8
16.Ne5 Be6 17.Ne4 Bf5 18.h4 h6 19.Nd3 Nac6 20.Rfd1 Nd4 21.Kf1 Rfe8 22.Be5 Bg4
23.Nc3 Bf8 24.Bxb8 Rxb8 25.Ne5 Be6 26.e3 Nf5 27.Nb5 Nd6 28.Nc7 Bg7 29.Nc6 Bg4
30.Nxe8 Rxe8 31.Nxe7+ Rxe7 32.Rxd6 Be5 33.Rd8+ Kg7 34.Rd2 g5 35.hxg5 hxg5
36.f3 Be6 37.Kf2 Bc7 38.f4 Bg4 39.Bf3 Be6 40.Rcd1 Bc8 41.Rd5 f6 42.fxg5 f5
43.R5d2 Kg6 44.Bd5 Kxg5 45.Rh1 Rg7 46.Rh8 Bd7 47.Rg8 Rxg8 48.Bxg8 Be8 49.Kg2 Kg4
50.Be6 Kg5 51.Bd7 Bf7 52.Bc6 Be6 53.Bf3 Kf6 54.Bd5 Bd7 55.Kf3 Bc8 56.Rh2 Kg7
57.Rh5 Bd7 58.Rg5+ Kf6 59.Rg8 Ke5 60.Ra8 a5 61.Rh8 a4 62.Rh7 axb3 63.axb3 Kd6
64.Kf4 Bb8 65.Rh6+ Ke7+ 66.Kf3 Bc7 67.Rh7+ Kd6 68.e4 fxe4+ 69.Kxe4 b5 70.Rh6+ Ke7
71.Bc6 Be6 72.Rh7+ Kd8 73.Rxc7 Kxc7 74.Bxb5 Kd6 75.Kf4 Bg8 76.Kf5 Be6+ 77.Kf6 Bg4
78.Ba4 Bh3 79.Be8 Bg4 80.Kg5 Bd1 81.Ba4 Ke6 82.g4 Be2 83.Kh4 Bf3 84.Kg3 Bd1
85.Kh4 Bf3 86.Kg5 Bd1 87.Kh4 Bf3 88.g5 Bd1 89.g6 Kf6 90.g7 Kxg7 91.Kg5 Bc2
92.Kf4 Kf6 93.Ke3 Ke5 94.Ke2 Be4 95.Ke3 Bg6  1/2-1/2

[Event "UTwente YM"]
[Site "Hengelo NED"]
[Date "2007.08.11"]
[Round "9"]
[White "Bogner,S"]
[Black "Lysyj,I"]
[Result "1/2-1/2"]
[WhiteElo "2371"]
[BlackElo "2578"]

1.Nf3 Nf6 2.c4 e6 3.Nc3 c5 4.e4 Nc6 5.Be2 d5 6.exd5 exd5 7.d4 Be6 8.Be3 dxc4
9.O-O cxd4 10.Nxd4 Nxd4 11.Bxd4 Qd7 12.Bxf6 Qxd1 13.Raxd1 gxf6 14.Rfe1 Rd8
15.Bxc4 Rxd1 16.Nxd1 Kd7 17.Ne3 Bc5 18.Rd1+ Kc6 19.Rc1 Bxe3 20.fxe3 Kd6 21.Bd3 h6
22.a3 b6 23.Rf1 Ke7 24.Kf2 Rd8 25.Ke2 Rc8 26.Rf4  1/2-1/2

[Event "Open"]
[Site "Kavala GRE"]
[Date "2007.08.12"]
[Round "9"]
[White "Stojanovic,An"]
[Black "Milanovic,Da"]
[Result "0-1"]
[WhiteElo "2235"]
[BlackElo "2495"]

1.Nf3 Nf6 2.c4 c5 3.Nc3 b6 4.d4 cxd4 5.Nxd4 Bb7 6.f3 a6 7.e4 d6 8.Be2 e6
9.Be3 Be7 10.O-O O-O 11.Qd2 Qc7 12.Rfc1 Nbd7 13.a4 Rab8 14.b4 Rfc8 15.Rab1 Ne5
16.Nd1 Qd7 17.Nf2 Ng6 18.a5 bxa5 19.bxa5 Qc7 20.Nb5 Qd7 21.Nc3 Ne5 22.Qa2 Qd8
23.Ba7 Nc6 24.Bxb8 Rxb8 25.Rd1 Nd7 26.Nd3 Bf6 27.e5 Ncxe5 28.Ne4 Bxe4 29.fxe4 Rc8
30.Nf4 Nc5 31.Bf3 Bg5 32.Nh3 Be7 33.Rb6 Qc7 34.Nf2 g6 35.Qe2 Ned7 36.Rbb1 Qxa5
37.Ra1 Qc7 38.Nd3 Nxd3 39.Qxd3 Nc5 40.Qa3 Bf6 41.Rab1 Be5 42.g3 Kg7 43.Rf1 Qe7
44.Bg2 Qa7 45.Kh1 a5 46.Rf3 a4 47.Qc1 Rc7 48.Ra3 Qa6 49.g4 Rb7 50.Rxb7 Qxb7
51.Rh3 Kg8 52.Bf3 Qb2 53.Qh6 Qb1+ 54.Kg2 Nd3  0-1

[Event "Open"]
[Site "Kavala GRE"]
[Date "2007.08.12"]
[Round "9"]
[White "Szuhanek,R"]
[Black "Asik,J"]
[Result "1/2-1/2"]
[WhiteElo "2475"]
[BlackElo "2347"]

1.Nf3 Nf6 2.c4 c5 3.Nc3 d5 4.cxd5 Nxd5 5.d4 cxd4 6.Qxd4 Nxc3 7.Qxc3 e6 8.e4 Nc6
9.Bb5 Bd7 10.O-O a6 11.Bxc6 Bxc6 12.Re1 Rc8 13.Qb3 Bc5 14.Be3 Bxe3 15.Rxe3 O-O
16.Ne5 Qd4 17.Nxc6 Rxc6 18.Rd1 Qb6 19.Qxb6 Rxb6 20.b3 Rc6 21.g3 Rfc8 22.Rd7 R6c7
23.Red3  1/2-1/2

[Event "Petrovskaya Ladya IM2"]
[Site "Peterhof RUS"]
[Date "2007.08.13"]
[Round "1"]
[White "Orlov,O2"]
[Black "Kaliberda,V"]
[Result "0-1"]
[WhiteElo "2220"]
[BlackElo "2337"]

1.Nf3 Nf6 2.c4 c5 3.Nc3 b6 4.e4 Bb7 5.e5 Ng4 6.h3 Nh6 7.d4 cxd4 8.Nxd4 Nc6
9.Bxh6 gxh6 10.Nf5 Qb8 11.f4 Nxe5 12.Qe2 Ng6 13.Ne4 e6 14.Nf6+ Kd8 15.Qd2 d5
16.Nxd5 exd5 17.g3 Qc8 18.Bd3 Qe6+ 19.Kf1 Qf6 20.Rh2 Kc7 21.cxd5 Rd8 22.Be4 Kb8
23.Rc1 Bd6 24.Qd3 Ne7 25.Ne3 h5 26.Rhc2 h4 27.Ng4 Qg7 28.f5 Qg5 29.a4 h5
30.gxh4 Qxh4 31.Nf2 Bf4 32.a5 Nxd5 33.Bxd5 Rxd5 34.Qc4 Qg5 35.a6 Rc5 36.Qa4 Qg2+
37.Ke2 Bf3+ 38.Kd3 Rd8+ 39.Qd4 Rxd4+ 40.Kxd4 Bxc1 41.Rxc5 Qxf2+ 42.Ke5 Qxc5+
43.Kf6 Bxb2+ 44.Kg5 Qe3+ 45.Kh4 Qf4+  0-1

[Event "Open"]
[Site "Ptuj SLO"]
[Date "2007.08.13"]
[Round "2"]
[White "Hocevar,N"]
[Black "Loncar,R"]
[Result "0-1"]
[WhiteElo "2096"]
[BlackElo "2444"]

1.c4 Nf6 2.Nc3 c5 3.Nf3 e6 4.g3 a6 5.Bg2 Qc7 6.O-O d6 7.b3 Bd7 8.Bb2 Nc6
9.d4 cxd4 10.Nxd4 Be7 11.Rc1 Nxd4 12.Qxd4 O-O 13.Rfd1 Rfd8 14.Ba3 Be8 15.h3 Rac8
16.Qe3 Qa5 17.Nb1 Bc6 18.Qd2 Qh5 19.Bxc6 Rxc6 20.Kg2 Rdc8 21.f3 Qg6 22.Qd3 Qg5
23.Qd2 Qh5 24.g4 Qh4 25.Qe1 Qxe1 26.Rxe1 Kf8 27.e4 Ne8 28.Rcd1 b5 29.Nd2 Bg5
30.e5 Be7 31.f4 bxc4 32.Nxc4 d5 33.Bxe7+ Kxe7 34.Na3 Rc3 35.Re2 f6 36.Rd4 R8c6
37.Nb1 Rc1 38.Na3 Nc7 39.Rdd2 fxe5 40.Rxe5 g6 41.Ree2 Kf6 42.Rc2 g5 43.Rxc6 Rxc6
44.Kf3 gxf4 45.Kxf4 e5+ 46.Kf3 Rc3+ 47.Kg2 Ne6 48.Rc2 Nf4+ 49.Kg1 Rxh3 50.Rc6+ Kg5
51.Nc2 Kxg4 52.Kf2 d4  0-1

[Event "Independence Cup A"]
[Site "Kyiv UKR"]
[Date "2007.08.14"]
[Round "2"]
[White "Lebed,P"]
[Black "Malienko,A"]
[Result "0-1"]
[WhiteElo "2069"]
[BlackElo "2240"]

1.Nf3 Nf6 2.c4 c5 3.Nc3 e6 4.g3 Nc6 5.Bg2 d5 6.cxd5 exd5 7.d4 h6 8.O-O Be6
9.Qa4 Qd7 10.Rd1 Rd8 11.Bf4 cxd4 12.Nb5 Be7 13.Nc7+ Kf8 14.Nxe6+ fxe6 15.Bh3 g5
16.Bxg5 hxg5 17.Nxg5 Ng4 18.Bxg4 Bxg5 19.h4 Bf6 20.Rd3 Kf7 21.Rad1 Rdg8 22.f3 Qc7
23.Kf2 Rxh4 24.Rg1 Rh2+ 25.Ke1 Ne5 26.Rxd4 Rxg4 27.fxg4 Nf3+ 28.Kd1 Nxd4
29.g5 b5  0-1

[Event "Romanian Open"]
[Site "Predeal ROM"]
[Date "2007.08.14"]
[Round "4"]
[White "Ulibin,M"]
[Black "Filip,L"]
[Result "0-1"]
[WhiteElo "2514"]
[BlackElo "2400"]

1.c4 c5 2.Nc3 e6 3.Nf3 Nf6 4.e4 Nc6 5.Be2 d5 6.e5 Ne4 7.O-O Be7 8.Qa4 Bd7
9.Qc2 Nxc3 10.dxc3 Qc7 11.Bf4 dxc4 12.Bxc4 h6 13.h4 g5 14.hxg5 hxg5 15.Bg3 O-O-O
16.Rfe1 Rh5 17.Nh2 Rdh8 18.Be2 R5h6 19.Bg4 f5 20.exf6 Rxh2 21.Bh3 R8xh3 22.gxh3 Qxg3+
23.fxg3 Rxc2 24.fxe7 Nxe7 25.Re5 Nf5 26.Rf1 Nxg3 27.Rf8+ Kc7 28.Rg8 Nf5 29.Rxg5 Rc1+
30.Kf2 Rh1  0-1

[Event "17th Chess Festival"]
[Site "Abu Dhabi UAE"]
[Date "2007.08.15"]
[Round "4"]
[White "Ghaem Maghami,E"]
[Black "Odeev,H"]
[Result "1-0"]
[WhiteElo "2610"]
[BlackElo "2452"]

1.Nf3 Nf6 2.c4 c5 3.Nc3 e6 4.d4 cxd4 5.Nxd4 d6 6.g3 Be7 7.Bg2 a6 8.b3 Qa5
9.Bb2 O-O 10.O-O Qb6 11.e4 Bd7 12.Re1 Re8 13.Qd2 Nc6 14.Nc2 Qa5 15.Rad1 Red8
16.Na4 Qc7 17.Qe3 Be8 18.Nb6 Rab8 19.h3 Nd7 20.Nxd7 Bxd7 21.Rc1 Bf8 22.Red1 Be8
23.Qd2 Rbc8 24.Ne3 Qe7 25.Ba3 Qg5 26.h4 Qh5 27.Rc2 b5 28.Qe2 Qxe2 29.Rxe2 b4
30.Bc1 a5 31.Nc2 Be7 32.Bf4 Rd7 33.Red2 Rcd8 34.Be3 h6 35.a4 e5 36.Rd5 Rb7
37.Bh3 Rdb8 38.Bg4 Kf8 39.Kg2 Ra8 40.f4 f6 41.R5d2 Bg6 42.Kf3 Bf7 43.Bf2 h5
44.Bh3 Rd8 45.Rd3 g6 46.Be3 Kg7 47.Bc1 Re8 48.Bb2 Nb8 49.Rxd6 Bxd6 50.Rxd6 Ra7
51.Ne3 Ra6 52.Rd1 Rc6 53.Bd7 Nxd7 54.Rxd7 Kf8 55.Nd5 exf4 56.gxf4 f5 57.e5 Bxd5+
58.cxd5 Rc2 59.Bd4  1-0

[Event "17th Chess Festival"]
[Site "Abu Dhabi UAE"]
[Date "2007.08.15"]
[Round "4"]
[White "Moradiabadi,E"]
[Black "Anastasian,A"]
[Result "1/2-1/2"]
[WhiteElo "2540"]
[BlackElo "2555"]

1.c4 c5 2.Nf3 Nf6 3.Nc3 d5 4.cxd5 Nxd5 5.e4 Nb4 6.Bc4 Nd3+ 7.Ke2 Nf4+ 8.Kf1 Ne6
9.Ne5 Qd6 10.Qa4+ Bd7 11.Nxd7 Nxd7 12.Nb5 Qc6 13.Bd5 Qb6 14.Bxe6 fxe6 15.d3 a6
16.Na3 g6 17.Nc4 Qc7 18.Qa5 Qxa5 19.Nxa5 O-O-O 20.Ke2 Bg7 21.Rd1 b6 22.Nc4 Kb7
23.Rb1 Ne5 24.Nxe5  1/2-1/2

[Event "Acropolis Open"]
[Site "Athens GRE"]
[Date "2007.08.15"]
[Round "2"]
[White "Draci,R"]
[Black "Iordanidou,Z"]
[Result "1-0"]
[WhiteElo "2228"]
[BlackElo "2005"]

1.Nf3 Nf6 2.c4 c5 3.Nc3 e6 4.d4 cxd4 5.Nxd4 b6 6.e4 d6 7.Bd3 Bb7 8.Be3 Be7
9.Qe2 Nbd7 10.f3 Rc8 11.O-O O-O 12.Rac1 Qc7 13.b3 Qb8 14.Bg5 Rfe8 15.f4 h6
16.Bh4 Bd8 17.Bg3 Nc5 18.Bb1 a6 19.e5 Nh7 20.f5 dxe5 21.fxe6 fxe6 22.Bxe5 Bc7
23.Qc2 Be4 24.Nxe4 Bxe5 25.Nf3 Nf8 26.Nxc5 bxc5 27.Nxe5 Qxe5 28.Rce1 Qd4+
29.Kh1 Rcd8 30.Re2 g6 31.Ref2 Re7 32.Rf4 Qe5 33.Qf2 Qg7 34.Qxc5 Red7 35.h3 Rd2
36.Qe3 Rb2 37.Qf3 h5 38.Rf7 Qh6 39.Qf6 Rbd2 40.c5 Rd1 41.c6 Rxf1+ 42.Qxf1 Rc8
43.c7 a5 44.Be4  1-0

[Event "TCh-ESP CECLUB Norte Div 1"]
[Site "Sabadell ESP"]
[Date "2007.08.15"]
[Round "1"]
[White "Bautista Sanchez,J"]
[Black "Strikovic,A"]
[Result "0-1"]
[WhiteElo "2223"]
[BlackElo "2567"]

1.c4 c5 2.Nc3 Nf6 3.Nf3 e6 4.e3 Nc6 5.Be2 d5 6.cxd5 exd5 7.d4 cxd4 8.Nxd4 Bc5
9.O-O O-O 10.Bf3 Ne5 11.h3 Bb6 12.b3 Re8 13.Bb2 a6 14.Rc1 Qd6 15.Re1 Bd7
16.Be2 Rac8 17.Bf1 Ba5 18.Re2 h5 19.Rec2 h4 20.a3 Bc7 21.f4 Nc6 22.Nxc6 bxc6
23.Qd3 Bb6 24.Na4 Bxe3+  0-1